00638cam a2200181 4500001001100000008004100011020001800052035001500070050002100085100002000106245016200126260003900288300002100327500001700348504003200365700003400397700002500431BIIH007174 1986 spa  a968-23-1388-0 aBIIH007174 4aHD1817bC65 19861 aCollins, Joseph 0aTierra y subsistencia en la nueva Nicaragua /cpor Joseph Collins ; con la colab. de Frances Moore Lappe y Nick Allen (primera ed.) ; Paul Rice (segunda ed.) aMéxico :bSiglo Veintiuno,c1986 a295 p. ;c21 cm. a2 ejemplares aBibliografía : p. 282-2931 aMoore Lappe, Frances,ecolab.1 aAllen, Nick,ecolab.